ՀՀ Գիտությունների ազգային ակադեմիայի հիմնարար գիտական գրադարան  =   Fundamental Scientific Library of NAS RA

Долина Зеленчука : (Record no. 406786)

MARC details
000 -LEADER
fixed length control field 00688nam a22001817a 4500
003 - CONTROL NUMBER IDENTIFIER
control field AM-YeHGA
005 - DATE AND TIME OF LATEST TRANSACTION
control field 20250617154209.0
008 - FIXED-LENGTH DATA ELEMENTS--GENERAL INFORMATION
fixed length control field 180618b ||||| |||| 00| 0 rus d
040 ## - CATALOGING SOURCE
Original cataloging agency AM-YeHGA
041 0# - LANGUAGE CODE
Language code of text/sound track or separate title rus
090 ## - LOCALLY ASSIGNED LC-TYPE CALL NUMBER (OCLC); LOCAL CALL NUMBER (RLIN)
-- 409050
245 00 - TITLE STATEMENT
Title Долина Зеленчука :
Remainder of title ("Старое жилище" на Кубани) : Новая горно-климатическая станция и дачная местность на Кавказе
246 30 - VARYING FORM OF TITLE
Title proper/short title "Старое жилище" на Кубани
260 ## - PUBLICATION, DISTRIBUTION, ETC.
Place of publication, distribution, etc. Петроград :
Name of publisher, distributor, etc. Б. и.,
Date of publication, distribution, etc. 1917
300 ## - PHYSICAL DESCRIPTION
Extent 56 с.,
Other physical details [2] л. карт.
653 0# - INDEX TERM--UNCONTROLLED
Uncontrolled term Зеленчукская область
942 ## - ADDED ENTRY ELEMENTS (KOHA)
Source of classification or shelving scheme Universal Decimal Classification
Koha item type Գրքեր / Books
Holdings
Withdrawn status Lost status Damaged status Not for loan Collection Home library Current library Date acquired Total checkouts Full call number Barcode Date last seen Price effective from Koha item type Public note
        General Fundamental Scientific Library Fundamental Scientific Library 18/06/2018   РД III/7697 FL0503354 18/06/2018 18/06/2018 Գրքեր / Books 30 Days Loan


ՀՀ ԳԱԱ հիմնարար գիտական գրադարան
ՀՀ,Երևան 0019
Մարշալ Բաղրամյան 24/6
հեռախոս:(374-10) 52-47-50
Հետադարձ կապ

All site content, except where otherwise noted, is licensed under a
Creative Commons License